[Event "Hillerod-ch D"]
[Site "Hillerod"]
[Date "2004.05.18"]
[Round "4"]
[White "Andersen, Jeppe Yde"]
[Black "Christiansen, Sofus Ronne"]
[Result "0-1"]
[WhiteElo "1000"]
[BlackElo "1304"]
[PlyCount "48"]
[EventDate "2004.04.27"]
[EventType "swiss"]
[EventRounds "7"]
[EventCountry "DEN"]
[SourceTitle "EXT 2023"]
[Source "ChessBase"]
[SourceDate "2022.10.05"]
[SourceVersion "1"]
[SourceVersionDate "2022.10.05"]
[SourceQuality "1"]

1. e4 e5 2. Nf3 Nc6 3. Nc3 Nf6 4. Bc4 Nxe4 5. Nxe4 d5 6. Bxd5 Qxd5 7. d3 Bg4 8. Bh6 f5 9. Bxg7 Bxg7 10. Nc3 Qc5 11. Qe2 e4 12. 0-0-0 Bh6+ 13. Kb1 Nd4 14. Qe1 Nxf3 15. gxf3 Bxf3 16. Rg1 Bxd1 17. Nxd1 0-0-0 18. dxe4 Rhe8 19. Nc3 Bd2 20. Qe2 Bxc3 21. bxc3 Qxc3 22. Qh5 Re5 23. f3 Rb5+ 24. Kc1 Qa1# 0-1

[Event "Hillerod-ch D"]
[Site "Hillerod"]
[Date "2004.04.27"]
[Round "1"]
[White "Christiansen, Holger"]
[Black "Andersen, Jeppe Yde"]
[Result "0-1"]
[WhiteElo "1197"]
[BlackElo "1000"]
[PlyCount "79"]
[EventDate "2004.04.27"]
[EventType "swiss"]
[EventRounds "7"]
[EventCountry "DEN"]
[SourceTitle "EXT 2023"]
[Source "ChessBase"]
[SourceDate "2022.10.05"]
[SourceVersion "1"]
[SourceVersionDate "2022.10.05"]
[SourceQuality "1"]

1. e4 e5 2. Nf3 Nc6 3. Bb5 d6 4. d4 exd4 5. Nxd4 Bd7 6. Nc3 Nf6 7. Bg5 Be7 8. Nxc6 Bxc6 9. Bxc6+ bxc6 10. 0-0 0-0 11. Qe2 Re8 12. Rad1 Nxe4 13. Bxe7 Qxe7 14. Rfe1 Nxc3 15. Qxe7 Rxe7 16. bxc3 Rxe1+ 17. Rxe1 g6 18. a4 Rb8 19. g4 c5 20. f4 c4 21. Re4 d5 22. Re7 Rb1+ 23. Kf2 Ra1 24. f5 Kg7 25. fxg6 hxg6 26. Rxc7 Rxa4 27. Rc5 Ra2 28. Ke3 Rxc2 29. Rxd5 Rxc3+ 30. Kd4 Rd3+ 31. Kxc4 Rxd5 32. Kxd5 Kf6 33. h4 Kg7 34. g5 f6 35. gxf6+ Kxf6 36. Kc6 Kf5 37. Kb7 Kg4 38. Kxa7 Kxh4 39. Kb6 g5 40. Kc5 0-1